书目信息 |
| 题名: |
中国逻辑思想论文选
|
|
| 作者: | ||
| 分册: | ||
| 出版信息: | 北京 三联书店 1981 |
|
| 页数: | 601页 | |
| 开本: | 21cm | |
| 丛书名: | ||
| 单 册: | ||
| 中图分类: | B81-092 , B81 | |
| 科图分类: | ||
| 主题词: | 逻辑史--中国--文集 | |
| 电子资源: | ||
| ISBN: | ||
| 000 | 00579nam0 2200229 45 | |
| 001 | 0940014645 | |
| 005 | 20090927110810.96 | |
| 010 | @dCNY1.90 | |
| 091 | @aCN@b2002.248 | |
| 100 | @a19950612d1981 em y0chiy0121 ea | |
| 101 | 0 | @achi |
| 102 | @aCN@b110000 | |
| 105 | @ay m 000yy | |
| 200 | 10 | @a中国逻辑思想论文选@Azhong guo luo ji si xiang lun wen xuan@e1949-1979 |
| 210 | @a北京@c三联书店@d1981 | |
| 215 | @a601页@d21cm | |
| 606 | @a逻辑史@y中国@x文集 | |
| 690 | @aB81-092@v3 | |
| 690 | @aB81@v4 | |
| 801 | 0 | @aCN@bTSSF |
| 801 | 2 | @aCN@bNLC |
| 905 | @a10447@dB81@eJY9 | |
| 中国逻辑思想论文选:1949-1979.-北京:三联书店,1981 |
| 601页;21cm |
| ISBN :CNY1.90 |
| ● |
| 相关链接 |
|
|
|
|
正题名:中国逻辑思想论文选
索取号:B81/JY9
 
预约/预借
| 序号 | 登录号 | 条形码 | 馆藏地/架位号 | 状态 | 备注 |
| 1 | 7804787 | 278047873 | 学院路分馆/ [索取号:B81/JY9] | 在馆 | |
| 2 | 7804788 | 278047882 | 学院路分馆/ [索取号:B81/JY9] | 在馆 |